000 00385nam a2200157Ia 4500
999 _c13043
_d13043
003 MAJU-Karachi
005 20210406124806.0
008 190723s9999 xx 000 0 und d
040 _cDLC
100 _aKenneth H.Rosen
245 0 _aDiscrete Mathematics and its applications
250 _a8th
260 _aIndia
_bMcGraw Hill
_c2014
300 _a596.:p
942 _cBK
_2ddc